=LDR 00000nam 2200000 4500 =001 INLIS000000000017699 =005 20230221025807 =035 ##$$a 0010-061300000017699 =008 230221################g##########0#ind## =041 ##$$a Ind =082 ##$$a 355.007 11 =090 ##$$a 355.007 1, Lap l =245 1#$$a Laporan Kepada Bangsa : $b Militer Akademi Yogya /$c Daud Sinjal =260 ##$$a Jakarta :$b Yayasan Kota Baru,$c 1996 =300 ##$$a v, 310 hlm ; $c 22 x 15 cm =650 #4$$a Akademi Militer =850 ##$$a NBPNMAT =020 ##$$a 979-416-396-1 =084 ##$$a 355.007 11 DAU l =504 ##$$a Bibliografi: hal 309-310 =100 #$$a Daud Sinjal =990 ##$$a 20603208 =990 ##$$a 20603209 =990 ##$$a 20603210 =990 ##$$a 20603211 =990 ##$$a 20603209 =990 ##$$a 20603208 =990 ##$$a 20603210 =990 ##$$a 20603211 =990 ##$$a 20603208 =990 ##$$a 20603209 =990 ##$$a 20603210 =990 ##$$a 20603211 =990 ##$$a 20603210 =990 ##$$a 20603208 =990 ##$$a 20603209 =990 ##$$a 20603211 =990 ##$$a 20603211 =990 ##$$a 20603208 =990 ##$$a 20603209 =990 ##$$a 20603210